It looks like you're offline.
Open Library logo
additional options menu

MARC Record from Scriblio

Record ID marc_records_scriblio_net/part09.dat:137855164:1172
Source Scriblio
Download Link /show-records/marc_records_scriblio_net/part09.dat:137855164:1172?format=raw

LEADER: 01172cam 22003131 4500
001 76381640 //r943
003 DLC
005 19940927094128.5
008 770506s1967 gw 000 1 ger
010 $a 76381640 //r943
015 $aGDB***
040 $aDLC$cDLC$dDLC$dOCoLC
041 1 $agereng
043 $an-us---$an-us-ny
050 00 $aPS1406$b.A5 1967
100 10 $aCooper, James Fenimore,$d1789-1851.
240 10 $aDeerslayer.$lGerman
245 14 $aDer Wildtöter.$bMit 66 Illus. von Walter Klemm.$c(Mit einem Nachwort von Werner Hermann. Dem ungekürzten Text liegt die 1. deutsche Übersetzung von 1845 zugrunde, die eingehend redigiert wurde.
250 $a[2. Aufl.])
260 0 $aWeimar,$bKiepenheuer,$c1967.
300 $a484 p.$c28 cm.
500 $aTranslation of The deerslayer.
650 0 $aBumppo, Natty (Fictitious character)$xFiction.
650 0 $aFrontier and pioneer life$zNew York (State)$xFiction.
651 0 $aUnited States$xHistory$xFrench and Indian War, 1755-1763$xFiction.
650 0 $aDelaware Indians$xFiction.
650 0 $aIroquois Indians$xFiction.
655 7 $aWar stories.$2gsafd
655 7 $aHistorical fiction.$2gsafd